Random Country to Biggest City - Statistics

General Stats
  • This quiz has been taken 158 times
  • The average score is 16 of 20
Answer Stats
Country Population City % Correct
Greece 3.60 M Athens
100%
New Zealand 1.43 M Auckland
100%
Iraq 6.50 M Baghdad
100%
Thailand 14.5 M Bangkok
100%
Lebanon 1.33 M Beirut
100%
Serbia 1.39 M Belgrade
100%
Germany 4.33 M Berlin
100%
Guinea-Bissau 396 k Bissau
100%
Belgium 1.99 M Brussels
100%
Hungary 2.52 M Budapest
100%
Argentina 14.5 M Buenos Aires
100%
Egypt 16.1 M Cairo
100%
Venezuela 3.55 M Caracas
100%
Denmark 1.49 M Copenhagen
100%
Bangladesh 16.3 M Dhaka
100%
Ireland 1.30 M Dublin
100%
China 31.7 M Guangzhou
100%
Guatemala 2.90 M Guatemala City
100%
Cuba 2.20 M Havana
100%
Finland 1.18 M Helsinki
100%
Turkey 13.8 M Istanbul
100%
Indonesia 26.4 M Jakarta
100%
South Africa 8.55 M Johannesburg
100%
Ukraine 3.33 M Kiev
100%
D.R. Congo 9.95 M Kinshasa
100%
Malaysia 6.70 M Kuala Lumpur
100%
Portugal 2.58 M Lisbon
100%
Slovenia 275 k Ljubljana
100%
United Kingdom 15.5 M London
100%
Luxembourg 94 k Luxembourg
100%
Spain 5.40 M Madrid
100%
Mexico 23.8 M Mexico City
100%
Italy 4.98 M Milan
100%
Belarus 1.92 M Minsk
100%
Monaco 36 k Monaco
100%
Russia 16.5 M Moscow
100%
Oman 735 k Muscat
100%
Bahamas 249 k Nassau
100%
Norway 952 k Oslo
100%
Panama 1.13 M Panama City
100%
France 10.7 M Paris
100%
Haiti 2.68 M Port-au-Prince
100%
Czech Republic 1.43 M Prague
100%
North Korea 2.78 M Pyongyang
100%
Iceland 209 k Reykjavík
100%
Saudi Arabia 6.15 M Riyadh
100%
Chile 6.80 M Santiago
100%
South Korea 25.8 M Seoul
100%
North Macedonia 668 k Skopje
100%
Bulgaria 1.31 M Sofia
100%
Sweden 2.15 M Stockholm
100%
Australia 4.63 M Sydney
100%
Estonia 542 k Tallinn
100%
Georgia 1.31 M Tbilisi
100%
Israel 2.42 M Tel Aviv
100%
Japan 34.8 M Tokyo
100%
Libya 1.29 M Tripoli
100%
Tunisia 2.45 M Tunis
100%
Vatican City 839 Vatican City
100%
Austria 2.08 M Vienna
100%
Poland 2.25 M Warsaw
100%
Namibia 323 k Windhoek
100%
Croatia 688 k Zagreb
100%
Switzerland 1.23 M Zurich
100%
Romania 2.18 M Bucharest
93%
Jamaica 938 k Kingston
92%
Iran 13.2 M Tehran
92%
Peru 9.65 M Lima
91%
Somalia 1.65 M Mogadishu
91%
United States 21.6 M New York City
90%
Colombia 9.35 M Bogotá
89%
Djibouti 624 k Djibouti
88%
Cyprus 310 k Nicosia
88%
El Salvador 1.86 M San Salvador
88%
Brazil 21.5 M São Paulo
88%
Singapore 6.75 M Singapore
88%
Taiwan 8.95 M Taipei
88%
Samoa 38 k Apia
86%
Turkmenistan 1.09 M Ashgabat
86%
Moldova 801 k Chișinău
86%
Bolivia 2.10 M La Paz
86%
Maldives 105 k Malé
86%
Philippines 22.2 M Manila
86%
Netherlands 3.08 M Rotterdam
86%
Madagascar 2.28 M Antananarivo
83%
Slovakia 586 k Bratislava
83%
Kuwait 3.85 M Kuwait City
83%
Kenya 4.83 M Nairobi
83%
Bosnia & Herzegovina 369 k Sarajevo
83%
Antigua & Barbuda 43 k St. John's
83%
Canada 5.95 M Toronto
83%
Lithuania 807 k Vilnius
83%
Kazakhstan 1.69 M Almaty
80%
Azerbaijan 2.38 M Baku
80%
Syria 3.53 M Damascus
80%
Qatar 1.83 M Doha
80%
United Arab Emirates 1.80 M Dubai
80%
Vietnam 8.20 M Ho Chi Minh City
80%
Liberia 1.26 M Monrovia
80%
Albania 421 k Tirana
80%
Andorra 64 k Andorra la Vella
78%
East Timor 234 k Dili
78%
Sri Lanka 4.58 M Colombo
77%
Ethiopia 3.75 M Addis Ababa
75%
India 24.0 M Delhi
75%
Sierra Leone 1.35 M Freetown
75%
Uruguay 1.78 M Montevideo
75%
Kosovo 465 k Pristina
75%
Latvia 1.02 M Riga
75%
Grenada 34 k St. George's
75%
Mongolia 1.21 M Ulaanbaatar
75%
Sudan 5.30 M Khartoum
73%
Fiji 175 k Suva
73%
Barbados 110 k Bridgetown
71%
Mozambique 2.08 M Maputo
71%
Lesotho 228 k Maseru
71%
Suriname 241 k Paramaribo
71%
Yemen 2.30 M Sana'a
71%
Armenia 1.18 M Yerevan
71%
Algeria 3.43 M Algiers
70%
Mauritania 899 k Nouakchott
70%
Montenegro 186 k Podgorica
70%
Uzbekistan 2.58 M Tashkent
70%
Mali 2.65 M Bamako
67%
South Sudan 372 k Juba
67%
Afghanistan 3.40 M Kabul
67%
Uganda 2.28 M Kampala
67%
Nigeria 13.2 M Lagos
67%
Angola 6.20 M Luanda
67%
Bahrain 1.40 M Manama
67%
Swaziland 95 k Mbabane
67%
Cambodia 1.67 M Phnom Penh
67%
Brunei 277 k Bandar Seri Begawan
64%
Paraguay 2.40 M Asunción
63%
Pakistan 22.7 M Karachi
63%
Dominican Republic 3.48 M Santo Domingo
63%
Honduras 1.09 M Tegucigalpa
63%
Eritrea 649 k Asmara
60%
Congo (Rep.) 1.77 M Brazzaville
60%
Senegal 2.90 M Dakar
60%
Zimbabwe 2.30 M Harare
60%
Nepal 2.70 M Kathmandu
60%
Seychelles 25 k Victoria
60%
Laos 783 k Vientiane
60%
Chad 1.20 M Ndjamena
58%
Jordan 3.23 M Amman
57%
St. Kitts & Nevis 16 k Basseterre
57%
Guyana 750 k Georgetown
57%
Niger 1.10 M Niamey
57%
Mauritius 148 k Port Louis
57%
Papua New Guinea 308 k Port Moresby
57%
Dominica 17 k Roseau
57%
Costa Rica 1.79 M San José
57%
Vanuatu 44 k Port Vila
56%
Bhutan 79 k Thimphu
56%
Ghana 4.30 M Accra
50%
Kyrgyzstan 874 k Bishkek
50%
Burundi 800 k Bujumbura
50%
St. Lucia 70 k Castries
50%
Benin 1.30 M Cotonou
50%
Ecuador 2.68 M Guayaquil
50%
Rwanda 1.19 M Kigali
50%
St. Vincent & the Grenadines 40 k Kingstown
50%
Gabon 578 k Libreville
50%
Togo 1.61 M Lomé
50%
Sao Tome & Principe 56 k São Tomé
50%
Myanmar 5.15 M Yangon
50%
Comoros 54 k Moroni
44%
Belize 68 k Belize City
43%
Nicaragua 1.27 M Managua
43%
Ivory Coast 4.80 M Abidjan
40%
Solomon Islands 65 k Honiara
40%
Malawi 979 k Lilongwe
40%
Marshall Islands 30 k Majuro
40%
Guinea 1.82 M Conakry
38%
Cape Verde 130 k Praia
38%
Morocco 4.15 M Casablanca
33%
Tanzania 4.83 M Dar es Salaam
33%
Tuvalu 4.5 k Funafuti
33%
Tonga 25 k Nukuʻalofa
33%
Nauru 1.1 k Yaren
33%
Zambia 2.10 M Lusaka
29%
Burkina Faso 1.97 M Ouagadougou
25%
Gambia 336 k Serrekunda
25%
Cameroon 2.63 M Douala
17%
Botswana 422 k Gaborone
17%
Liechtenstein 5.7 k Schaan
17%
Equatorial Guinea 251 k Bata
14%
F.S. Micronesia 14 k Weno
13%
Central African Rep. 1.01 M Bangui
0%
Malta 22 k Birkirkara
0%
Trinidad & Tobago 84 k Chaguanas
0%
San Marino 7.0 k Dogana
0%
Tajikistan 679 k Dushanbe
0%
Palau 11 k Koror
0%
Kiribati 59 k South Tarawa
0%
No matching quizzes found
Score Distribution
Percent of People with Each Score
Percentile by Number Answered
Your Score History
You have not taken this quiz